| 000 | 00517nam a2200157Ia 4500 | ||
|---|---|---|---|
| 003 | GCL | ||
| 008 | 140319s9999 xx 000 0 eng d | ||
| 040 |
_aGCL / _cGCL |
||
| 082 | 0 | 4 | _a892.7 |
| 100 | 1 | _aDELLA VIDA, GIORGIO LEVI | |
| 245 | 1 | 0 |
_aELENCO DEI MANOSCRITTI ARABI ISLAMICI DELLA BIBLIOTECA UATICANA : VATICANI BARBERINIANI BORGIANI ROSSIANI / _cDELLA VIDA, GIORGIO LEVI |
| 260 |
_a[S.N] : _bCITTA DEL UATICANA ، _c1968 |
||
| 650 | 0 | 4 | _aحوادث المرور |
| 650 | 0 | 4 | _aARABIC LANGUAGE |
| 942 |
_2ddc _cBK |
||
| 999 |
_c12479 _d12479 |
||